Nicaragua: desde los avatares de los movimientos sociales crece una esperanza /
Guardado en:
| Autor principal: | |
|---|---|
| Formato: | Texto |
| Etiquetas: |
Agregar Etiqueta
Sin Etiquetas, Sea el primero en etiquetar este registro!
|
MARC
| LEADER | 00000 a a2200000 04500 | ||
|---|---|---|---|
| 001 | 43992 | ||
| 003 | |||
| 040 | |||
| 100 | |a Cranshaw, Martha Isabel | ||
| 245 | |a Nicaragua: |b desde los avatares de los movimientos sociales crece una esperanza / |c Martha Isabel Cranshaw | ||
| 773 | |g páginas 241-272 | ||
| 999 | |c 30662 |d 30662 | ||
